Да здравствует гармония разума и сердца в человеке! Да здравствуют наука и искусство!; Томский политехник; Вып. 10

Бібліографічні деталі
Parent link:Томский политехник: ежегодный журнал/ Томский политехнический университет (ТПУ), Ассоциация выпускников.— , 1995-
Вып. 10.— 2004.— [С. 118-123]
Автор: Вавилов С. Станислав
Резюме:Аннотация на англ. яз.
Заглавие с титульного листа
Электронная версия печатной публикации
Мова:Російська
Опубліковано: 2004
Серія:ТПУ - часть духовно-культурного пространства Томска
Предмети:
Онлайн доступ:Цветная версия без потери качества
Формат: Електронний ресурс Частина з книги
KOHA link:https://koha.lib.tpu.ru/cgi-bin/koha/opac-detail.pl?biblionumber=198777

MARC

LEADER 00000nla2a2200000 4500
001 198777
005 20231031184058.0
035 |a (RuTPU)RU\TPU\book\216789 
035 |a RU\TPU\book\216787 
090 |a 198777 
100 |a 20110708d2004 km y0rusy50 ca 
101 0 |a rus  |d eng 
102 |a RU 
135 |a drnn ---uucaa 
181 0 |a i  
182 0 |a b 
200 1 |a Да здравствует гармония разума и сердца в человеке! Да здравствуют наука и искусство!  |b Электронный ресурс  |f С. Вавилов 
203 |a Текст  |c электронный 
215 |a 1 файл (100 Мб) 
225 1 |a ТПУ - часть духовно-культурного пространства Томска 
230 |a Электронные текстовые данные (1 файл : 100 Мб) 
300 |a Аннотация на англ. яз. 
300 |a Заглавие с титульного листа 
300 |a Электронная версия печатной публикации 
337 |a Adobe Reader 
461 1 |0 (RuTPU)RU\TPU\book\202435  |t Томский политехник  |o ежегодный журнал  |f Томский политехнический университет (ТПУ), Ассоциация выпускников  |d 1995- 
463 1 |0 (RuTPU)RU\TPU\book\216680  |t Вып. 10  |v [С. 118-123]  |d 2004  |p 199 с. 
601 0 2 |a Томский политехнический университет (ТПУ)  |c (1991-2009)  |2 stltpush  |3 (RuTPU)RU\TPU\col\376 
610 1 |a Сибирь 
610 1 |a Томск 
610 1 |a история 
610 1 |a музыкальная культура 
610 1 |a музыканты 
610 1 |a музыкальная жизнь 
610 1 |a ансамбли 
610 1 |a создание 
610 1 |a оркестры 
610 1 |a политехники 
610 1 |a развитие 
610 1 |a коллективы 
610 1 |a электронный ресурс 
700 1 |a Вавилов  |b С.  |g Станислав 
801 1 |a RU  |b 63413507  |c 20101101 
801 2 |a RU  |b 63413507  |c 20111109  |g RCR 
856 4 |u http://www.lib.tpu.ru/fulltext/v/Tomsk_polytechnic/2004/N10a36.pdf  |z Цветная версия без потери качества 
942 |c CF